| 000 | 00407nam a22001577a 4500 | ||
|---|---|---|---|
| 082 |
_a823 _bREA/S |
||
| 100 | _aMC DERMID, VAL | ||
| 100 | _aCUSSLER, CLIVE | ||
| 100 | _aLE CLAIRE,ANNE | ||
| 100 | _aHMILTON,STEVE | ||
| 245 | _aTHE DISTANT ECHO: TROJAN ODYSSEY: LEAVING EDEN:BLOOD IS THE SKY | ||
| 260 |
_aAUSTRALIA _bREADER'S DIGEST |
||
| 300 | _a538 | ||
| 650 |
_aENGLISH NOVEL _zAUSTRALIA |
||
| 942 | _cBK | ||
| 999 |
_c3333 _d3333 |
||